Estudio a nivel de perfil de rehabilitación de 5.4 Km de camino cafetalero, Mata de Plátano - El Ayote, Nueva Segovia
Se realiza un estudio a nivel de perfil de rehabilitación de 5.4 KM de camino cafetalero, Mata de Plátano-el Ayote, Nueva Segovia, es un camino de todo tiempo el cual se identifica por tener una superficie de rodamiento de material selecto pero con cárcavas en algunos de su tramo, y drenaje mayor...
| Main Author: | |
|---|---|
| Other Authors: | |
| Format: | Tesis Section = Libro |
| Language: | Undetermined Spanish |
| Published: |
Managua
UNI
2014
|
| Subjects: |
| LEADER | 01292nam a2200229Ia 4500 | ||
|---|---|---|---|
| 008 | 240830s9999 xx 000 0 und d | ||
| 040 | |a BIBLIOTECA-RUPAP T.Mon 625.7 I98 | ||
| 041 | |a spa | ||
| 082 | |a T.Mon 625.7 I98 | ||
| 100 | 1 | |a Izaguirre Espinoza, David Rafael | |
| 245 | 1 | 0 | |a Estudio a nivel de perfil de rehabilitación de 5.4 Km de camino cafetalero, Mata de Plátano - El Ayote, Nueva Segovia |
| 260 | |a Managua |b UNI |c 2014 | ||
| 300 | |a 84 p. :il. | ||
| 500 | |a Contiene: anexos y CD. | ||
| 502 | |a Tesis (Ingeniero Civil)- UNI, 2014. | ||
| 520 | 3 | |a Se realiza un estudio a nivel de perfil de rehabilitación de 5.4 KM de camino cafetalero, Mata de Plátano-el Ayote, Nueva Segovia, es un camino de todo tiempo el cual se identifica por tener una superficie de rodamiento de material selecto pero con cárcavas en algunos de su tramo, y drenaje mayor alcantarillas de 36 y drenaje menor como cunetas y vados, caminos que presenta varias deficiencias para su drenaje en las aguas pluviales que ha sido su mayor enemigo para su deterioro, cuya carretera está ubicada en el municipio de Macuelizo. | |
| 650 | 7 | |a CAMINOS – REHABILITACION | |
| 650 | 7 | |b CONSTRUCCION DE CAMINOS. | |
| 700 | 1 | |a Tutor: |b Ocampo Elvir, Gustavo Adolfo | |
| 942 | |c BK |2 ddc | ||
| 991 | |a TESIS | ||
| 999 | |c 18164 | ||